000 01088nam a22003857a 4500
001 BR2012002578
003 BR-BrBNA
005 20230928103942.0
007 ta
008 230509b bl.||||| |||| 00| 0 por d
040 _aBR-BrBNA
_bpor
_cBiblioteca Nacional de Agricultura
041 _a(Por)
072 _aL01; L02
_b5213
090 _ 5213 BR2012002578
100 1 _aMelo Filho, G.A. (ed.)
100 1 _aQueiroz, H.P. de (ed.)
110 1 _aEMBRAPA Informação Tecnológica, Brasília, DF (Brasil)
245 1 _aGado de corte: o produtor pergunta, a Embrapa responde
_bColeção 500 Perguntas, 500 Respostas
250 1 _a2. ed.
260 3 _aBrasília, DF (Brasil):
_c2011.
300 _a261 p.
500 _a59 illus
650 _aGADO DE CORTE
650 _aCRIAÇÃO
650 _aENGORDA
650 _aPASTAGEM
650 _aNUTRIÇÃO ANIMAL
650 _aSANIDADE ANIMAL
650 _aMELHORAMENTO ANIMAL
650 _aECONOMIA
650 _aADMINISTRAÇÃO
650 _aMEIO AMBIENTE
909 _a202309
_bLucia
_c55
_dLucia Elande
942 _cBK
999 _c77395
_d77395